Το βουνό της ψυχής
Αποθηκεύτηκε σε:
| Κύριος συγγραφέας: | |
|---|---|
| Άλλοι συγγραφείς: | |
| Μορφή: | Βιβλίο |
| Γλώσσα: | Greek Chinese |
| Δημοσίευση: |
Αθήνα :
Α.Α. Λιβάνης,
1996.
|
| Θέματα: | |
| Ετικέτες: |
Προσθήκη ετικέτας
Δεν υπάρχουν, Καταχωρήστε ετικέτα πρώτοι!
|
MARC
| LEADER | 00000cam a2200000 a 4500 | ||
|---|---|---|---|
| 001 | 1/112640 | ||
| 008 | 170112t1996####gr | ||| |||| ||gre|| | ||
| 020 | |a 9602367237 | ||
| 040 | |a GR-MyUa |b gre |c GR-MyUa |e AACR2 | ||
| 041 | 1 | |a gre |h chi |k fre | |
| 082 | 7 | |a 895.13 |2 (23) | |
| 100 | 0 | |a Gao, Xingjian. | |
| 245 | 1 | 3 | |a Το βουνό της ψυχής / |c Γκάο Ξινγκγιαν ; μετάφραση από τα γαλλικά Βίκυ Σιδηροπούλου. |
| 260 | |a Αθήνα : |b Α.Α. Λιβάνης, |c 1996. | ||
| 300 | |a 610 σ. ; |c 21 εκ. | ||
| 500 | |a Τίτλος πρωτοτύπου : Lingshan. | ||
| 534 | |p Μετάφραση του: |t La montagne de l' ame. | ||
| 650 | 0 | |a Chinese fiction. | |
| 700 | 1 | |a Σιδηροπούλου, Βίκυ, |e trlf | |
| 852 | |a INST |b SAMOS |e 20170112 |h 895.13 GAO |p 005300044126 |q 005300044126 |t BK |y 0 | ||
| 970 | |a Γουβάλα |b Βάσω |z 12-01-2017 | ||